Vanuatu : Recent Economic Developments.

Vanuatu has maintained macroeconomic stability, but real GDP growth slowed despite the receipt of considerable foreign assistance and the implementation of structural reforms under the Comprehensive Reform Program (CRP). A sharp increase in liquidity, a consequent bulge in consumption, and a rise in...

Descripció completa

Dades bibliogràfiques
Autor corporatiu: International Monetary Fund
Format: Revista
Idioma:English
Publicat: Washington, D.C. : International Monetary Fund, 2000.
Col·lecció:IMF Staff Country Reports; Country Report ; No. 2000/129
Accés en línia:Full text available on IMF
LEADER 01618cas a2200241 a 4500
001 AALejournalIMF007809
008 230101c9999 xx r poo 0 0eng d
020 |c 5.00 USD 
020 |z 9781451840483 
022 |a 1934-7685 
040 |a BD-DhAAL  |c BD-DhAAL 
110 2 |a International Monetary Fund. 
245 1 0 |a Vanuatu :   |b Recent Economic Developments. 
264 1 |a Washington, D.C. :  |b International Monetary Fund,  |c 2000. 
300 |a 1 online resource (59 pages) 
490 1 |a IMF Staff Country Reports 
500 |a <strong>Off-Campus Access:</strong> No User ID or Password Required 
500 |a <strong>On-Campus Access:</strong> No User ID or Password Required 
506 |a Electronic access restricted to authorized BRAC University faculty, staff and students 
520 3 |a Vanuatu has maintained macroeconomic stability, but real GDP growth slowed despite the receipt of considerable foreign assistance and the implementation of structural reforms under the Comprehensive Reform Program (CRP). A sharp increase in liquidity, a consequent bulge in consumption, and a rise in imports have affected Vanuatu's recent economic performance. Inflation, as measured by the consumer price index for the main urban centers, has remained moderate in recent years. The paper also discusses prices and population, financial sector, and external sector developments of Vanuatu. 
538 |a Mode of access: Internet 
830 0 |a IMF Staff Country Reports; Country Report ;  |v No. 2000/129 
856 4 0 |z Full text available on IMF  |u http://elibrary.imf.org/view/journals/002/2000/129/002.2000.issue-129-en.xml  |z IMF e-Library